| 000 | 00622nam a2200205 a 4500 | ||
|---|---|---|---|
| 001 | 3388381 | ||
| 005 | 20241113163356.0 | ||
| 008 | 881110s1988 miu b 000 0 eng | ||
| 020 | _a0801009510 (pbk.) | ||
| 050 | 0 | 0 |
_aBT732.7 _b.B33 1988 |
| 082 | 0 | 0 |
_a231/.8 _219 |
| 100 | 1 | _aBecton, Randy. | |
| 245 | 1 | 0 |
_aDoes God care when we suffer? : _band will He do anything about it? / _cRandy Becton. |
| 260 |
_aGrand Rapids, Mich. : _bBaker Book House, _cc1988. |
||
| 300 |
_a116 p. ; _c22 cm. |
||
| 650 | 0 |
_aSuffering _xReligious aspects _xChristianity. |
|
| 650 | 0 | _aConsolation. | |
| 650 | 0 | _aTheodicy. | |
| 942 |
_2lcc _cBK _n0 |
||
| 999 |
_c1137 _d1137 |
||